000 00719nam a2200265 i 4500
001 C2-0213069
003 PPAK
005 20180728103656.0
008 990407s1997 my a|||| ||||| | may d
020 _a9839293249
040 _aPPAK
_beng
_cPPAK
_erda
082 0 4 _a398.2
_2 23
090 0 0 _a398.2
_bSYA
_dK
100 0 _aSyafik Affendi,
_eauthor
245 1 0 _aSi Suton
264 1 _aKuala Lumpur :
_bJade Green ,
_c1997
300 _a132 pages :
_billustrations ;
_c19 cm
336 _2rdacontent
_atext
337 _2rdamedia
_aunmediated
338 _2rdacarrier
_avolume
490 1 _aSiri hikayat Malaysiana
650 1 0 _aFolk literature, Malay
830 0 _aSiri hikayat Malaysiana
942 _ddc
_cB
999 _c158979
_d158979